00313nam a2200121Ia 4500008004100000041000800041082001400049100001500063245004000078260003300118300002900151365001100180240624s9999 xx 000 0 und d aeng a658.3 RAJ aRAJU P V L aEFFECTIVE HUMAN RESOURCE MANAGEMENT c2005aHyderabadbICFAI press ax, : 151 : p. : cm. ; 23 cRSb50